[Event "XVIII. DBMM Schach"]
[Site "Altenberg OT Zinnwald"]
[Date "2018.11.08"]
[Round "1.2"]
[White "Gebert Vangeel, Ralf"]
[Black "Lange, Ronny"]
[Result "0-1"]
[WhiteElo "1995"]
[BlackElo "1800"]
[Annotator "rgv"]
[PlyCount "94"]
[EventDate "2018.11.??"]
[EventType "team-swiss"]
[EventRounds "7"]
[EventCountry "GER"]
[SourceTitle "XVIII. DBMM 2018"]
[Source "FV Schach e.V."]
[SourceDate "2018.11.12"]
[SourceVersion "1"]
[SourceVersionDate "2018.11.12"]
[SourceQuality "1"]
[WhiteTeam "SV Osram Berlin"]
[BlackTeam "Europaeisches Patentamt Muenchen II"]
[WhiteTeamCountry "GER"]
[BlackTeamCountry "GER"]

1. e4 c5 2. Nf3 d6 3. d4 cxd4 4. Nxd4 Nf6 5. Nc3 a6 6. Be3 e6 7. Be2 Be7 8. O-O
b5 9. Bf3 b4 10. Nce2 Bb7 11. Ng3 Nbd7 12. Qd2 d5 13. exd5 Nxd5 14. Nh5 O-O 15.
Rfe1 Re8 16. Rad1 Qc7 17. Nf5 Bf8 18. Bxd5 Bxd5 19. Nf4 Nf6 20. Nxd5 Nxd5 21.
Nd4 Rac8 22. Qe2 e5 23. Nf5 Qc6 24. Qg4 Kh8 25. Re2 Nf6 26. Qh4 Qe6 27. g4 Qc4
28. Red2 Qxg4+ 29. Qxg4 Nxg4 30. Bb6 g6 31. Ng3 Nf6 32. Bd8 Re6 33. Kf1 Kg7 34.
h3 Rec6 35. c3 bxc3 36. bxc3 Ne8 37. Ne4 Rc4 38. f3 f5 39. Rd7+ Kh6 40. Ng5 Bg7
41. Nf7+ Kh5 42. Re7 Rxc3 43. Rxe8 Rxf3+ 44. Kg2 e4 45. Rd2 Rcc3 46. Ng5 Rxh3
47. Kf2 e3+ 0-1

[Event "XVIII. DBMM Schach"]
[Site "Altenberg OT Zinnwald"]
[Date "2018.11.08"]
[Round "1.3"]
[White "Santos, Paulo"]
[Black "Jaehnisch, Frank"]
[Result "0-1"]
[WhiteElo "1823"]
[BlackElo "2244"]
[Annotator "br"]
[PlyCount "114"]
[EventDate "2018.11.??"]
[EventType "team-swiss"]
[EventRounds "7"]
[EventCountry "GER"]
[SourceTitle "XVIII. DBMM 2018"]
[Source "FV Schach e.V."]
[SourceDate "2018.11.12"]
[SourceVersion "1"]
[SourceVersionDate "2018.11.12"]
[SourceQuality "1"]
[WhiteTeam "Europaeisches Patentamt Muenchen II"]
[BlackTeam "SV Osram Berlin"]
[WhiteTeamCountry "GER"]
[BlackTeamCountry "GER"]

1. e4 e6 2. d4 d5 3. Nd2 Nf6 4. e5 Nfd7 5. Bd3 c5 6. c3 Nc6 7. Ne2 cxd4 8. cxd4
f6 9. exf6 Nxf6 10. O-O Bd6 11. Nf3 Qc7 12. Bg5 O-O 13. a3 Ng4 14. h3 Rxf3 15.
gxf3 Nh2 16. Kh1 Nxf1 17. Qxf1 Qf7 18. Qg2 e5 19. Be3 Qh5 20. Rg1 Qxh3+ 21.
Qxh3 Bxh3 22. Bc2 Rf8 23. dxe5 Bxe5 24. f4 Bxb2 25. Rb1 Bxa3 26. Rxb7 Rf7 27.
Bxh7+ Kf8 28. Rb3 Bd6 29. Rc3 Bd7 30. Bg6 Re7 31. f5 a5 32. Nd4 Nxd4 33. Bxd4
Be5 34. Rh3 Kg8 35. Bc5 Bf6 36. Bxe7 Bxe7 37. Rb3 Bb4 38. Rb2 d4 39. Kg1 d3 40.
f6 d2 41. Bh5 Ba4 42. Rb1 gxf6 43. Kf1 Bc2 44. Ra1 a4 45. Bd1 Bxd1 46. Rxd1 a3
47. Ke2 Bc3 48. Kd3 Bb2 49. Kc2 Bc1 50. Rxc1 dxc1=Q+ 51. Kxc1 Kf7 52. Kb1 Ke6
53. Ka2 Kd5 54. Kxa3 Kd4 55. Kb3 Kd3 56. Kb4 f5 57. Kc5 f4 0-1

[Event "XVIII. DBMM Schach"]
[Site "Altenberg OT Zinnwald"]
[Date "2018.11.08"]
[Round "1.4"]
[White "Mayer, Herbert"]
[Black "Achermann, Didier"]
[Result "0-1"]
[WhiteElo "1880"]
[BlackElo "1785"]
[Annotator "hm"]
[PlyCount "142"]
[EventDate "2018.11.??"]
[EventType "team-swiss"]
[EventRounds "7"]
[EventCountry "GER"]
[SourceTitle "XVIII. DBMM 2018"]
[Source "FV Schach e.V."]
[SourceDate "2018.11.12"]
[SourceVersion "1"]
[SourceVersionDate "2018.11.12"]
[SourceQuality "1"]
[WhiteTeam "SV Osram Berlin"]
[BlackTeam "Europaeisches Patentamt Muenchen II"]
[WhiteTeamCountry "GER"]
[BlackTeamCountry "GER"]

1. f4 Nf6 2. b3 g6 3. Bb2 Bg7 4. e3 O-O 5. Nf3 d6 6. Be2 c5 7. O-O b6 8. c4 Bb7
9. Nc3 Nbd7 10. d4 cxd4 11. exd4 Ne4 12. Nxe4 Bxe4 13. Ng5 Bb7 14. Qd3 h6 15.
Nf3 Nf6 16. d5 Bc8 17. Nd4 Nd7 18. Nc6 Nc5 19. Nxd8 Nxd3 20. Bxg7 Kxg7 21. Nc6
Nc5 22. Nxe7 Re8 23. Nxc8 Raxc8 24. Rae1 f5 25. g4 Kf6 26. h3 a5 27. gxf5 gxf5
28. Bh5 Rg8+ 29. Kh2 Rc7 30. Rg1 Rcg7 31. Rxg7 Rxg7 32. Re8 Re7 33. Rf8+ Kg7
34. Rxf5 Nd3 35. a3 Nc5 36. b4 axb4 37. axb4 Nd3 38. b5 Nb2 39. Bg4 Nxc4 40.
Rh5 Na3 41. Rh4 Nxb5 42. Be6 Nd4 43. Rg4+ Kf6 44. f5 Nf3+ 45. Kg3 Ne5 46. Rh4
Rg7+ 47. Kf2 Kg5 48. Ra4 Rb7 49. h4+ Kf6 50. Ke2 b5 51. Rb4 Kg7 52. Bc8 Rb6 53.
Ke3 Kf6 54. Ke4 Kg7 55. Rb1 b4 56. Rb3 Kf6 57. Be6 Rb7 58. Kd4 Kg7 59. Ke3 Kf6
60. Kd2 Kg7 61. Rg3+ Kf6 62. Kc2 b3+ 63. Rxb3 Rxb3 64. Kxb3 Nf3 65. h5 Nd4+ 66.
Kc4 Nxf5 67. Bxf5 Kxf5 68. Kb5 Ke4 69. Kc6 Kd4 70. Kb5 Kxd5 71. Kb4 Ke4 0-1

[Event "XVIII. DBMM Schach"]
[Site "Altenberg OT Zinnwald"]
[Date "2018.11.08"]
[Round "1.1"]
[White "Hammes, Frank"]
[Black "Tangermann, Erhard"]
[Result "1/2-1/2"]
[WhiteElo "2118"]
[BlackElo "1741"]
[Annotator "br"]
[PlyCount "44"]
[EventDate "2018.11.??"]
[EventType "team-swiss"]
[EventRounds "7"]
[EventCountry "GER"]
[SourceTitle "XVIII. DBMM 2018"]
[Source "FV Schach e.V."]
[SourceDate "2018.11.12"]
[SourceVersion "1"]
[SourceVersionDate "2018.11.12"]
[SourceQuality "1"]
[WhiteTeam "EFS Filtertechnik Erkrath"]
[BlackTeam "Stern Ludwigsfelde"]
[WhiteTeamCountry "GER"]
[BlackTeamCountry "GER"]

1. d4 Nf6 2. Nf3 e6 3. g3 d5 4. Bg2 Be7 5. O-O O-O 6. Nbd2 Nbd7 7. c4 c6 8. b3
b6 9. Bb2 Bb7 10. Qc2 Rc8 11. e4 dxe4 12. Nxe4 Nxe4 13. Qxe4 Nf6 14. Qe2 Nd7
15. Rad1 Re8 16. Ne5 Nxe5 17. dxe5 Qc7 18. Qe4 Ba8 19. f4 c5 20. Qe2 Bxg2 21.
Qxg2 Rcd8 22. Qc2 Rxd1 1/2-1/2

[Event "XVIII. DBMM Schach"]
[Site "Altenberg OT Zinnwald"]
[Date "2018.11.08"]
[Round "1.2"]
[White "Grandt, Bernd"]
[Black "Juziak, Peter"]
[Result "1/2-1/2"]
[WhiteElo "1978"]
[BlackElo "2054"]
[Annotator "br"]
[PlyCount "77"]
[EventDate "2018.11.??"]
[EventType "team-swiss"]
[EventRounds "7"]
[EventCountry "GER"]
[SourceTitle "XVIII. DBMM 2018"]
[Source "FV Schach e.V."]
[SourceDate "2018.11.12"]
[SourceVersion "1"]
[SourceVersionDate "2018.11.12"]
[SourceQuality "1"]
[WhiteTeam "Stern Ludwigsfelde"]
[BlackTeam "EFS Filtertechnik Erkrath"]
[WhiteTeamCountry "GER"]
[BlackTeamCountry "GER"]

1. d4 c5 2. Nf3 cxd4 3. Nxd4 d5 4. g3 e5 5. Nb3 Be7 6. Bg2 Nf6 7. Bg5 Be6 8. c4
Nbd7 9. cxd5 Nxd5 10. Bxd5 Bxg5 11. Bxe6 fxe6 12. Qd6 Qb6 13. Qxb6 Nxb6 14. Nc3
Nc4 15. Ne4 Bd8 16. O-O Ke7 17. Nbc5 Bb6 18. b3 Bxc5 19. Nxc5 Nd6 20. Rac1 Rac8
21. Rfd1 Rc7 22. Nd3 Rhc8 23. Rxc7+ Rxc7 24. Rc1 Rxc1+ 25. Nxc1 Nb5 26. Kf1 Kd6
27. Ke1 Kd5 28. Kd2 a5 29. e3 Nd6 30. f3 b5 31. e4+ Kc5 32. Kc3 b4+ 33. Kd3 Nb5
34. Ne2 g5 35. h3 h6 36. Kd2 Kd6 37. Ke3 Kc5 38. Kd3 Kc6 39. Ke3 1/2-1/2

[Event "XVIII. DBMM Schach"]
[Site "Altenberg OT Zinnwald"]
[Date "2018.11.08"]
[Round "1.3"]
[White "De Leroy, Babs"]
[Black "Meyer, Jens Uwe"]
[Result "0-1"]
[WhiteElo "1717"]
[BlackElo "1896"]
[Annotator "br"]
[PlyCount "48"]
[EventDate "2018.11.??"]
[EventType "team-swiss"]
[EventRounds "7"]
[EventCountry "GER"]
[SourceTitle "XVIII. DBMM 2018"]
[Source "FV Schach e.V."]
[SourceDate "2018.11.12"]
[SourceVersion "1"]
[SourceVersionDate "2018.11.12"]
[SourceQuality "1"]
[WhiteTeam "EFS Filtertechnik Erkrath"]
[BlackTeam "Stern Ludwigsfelde"]
[WhiteTeamCountry "GER"]
[BlackTeamCountry "GER"]

1. d4 f5 2. Nc3 Nf6 3. Bg5 g6 4. Bxf6 exf6 5. e3 d5 6. Qf3 Be6 7. Nge2 c6 8.
Nf4 Bf7 9. Bd3 Bd6 10. O-O-O Nd7 11. h3 Qa5 12. g4 fxg4 13. hxg4 O-O-O 14. Kb1
Rde8 15. Nce2 Qb6 16. Ka1 Qc7 17. Rh3 Nf8 18. Rdh1 Qd7 19. Nc3 Kb8 20. Nfe2 Be6
21. Qxf6 Rg8 22. Rg1 h5 23. Rhh1 Bxg4 24. Nf4 Nh7 0-1

[Event "XVIII. DBMM Schach"]
[Site "Altenberg OT Zinnwald"]
[Date "2018.11.08"]
[Round "1.4"]
[White "Junker, Carsten"]
[Black "Hartig, Uwe"]
[Result "0-1"]
[WhiteElo "1774"]
[BlackElo "1989"]
[Annotator "br"]
[PlyCount "42"]
[EventDate "2018.11.??"]
[EventType "team-swiss"]
[EventRounds "7"]
[EventCountry "GER"]
[SourceTitle "XVIII. DBMM 2018"]
[Source "FV Schach e.V."]
[SourceDate "2018.11.12"]
[SourceVersion "1"]
[SourceVersionDate "2018.11.12"]
[SourceQuality "1"]
[WhiteTeam "Stern Ludwigsfelde"]
[BlackTeam "EFS Filtertechnik Erkrath"]
[WhiteTeamCountry "GER"]
[BlackTeamCountry "GER"]

1. a3 g6 2. h4 Nf6 3. b4 Bg7 4. Bb2 O-O 5. c4 a5 6. g3 axb4 7. axb4 Rxa1 8.
Bxa1 d5 9. Qb3 dxc4 10. Qxc4 Be6 11. Qc2 Nc6 12. b5 Qd5 13. e4 Nd4 14. Bxd4
Qxd4 15. Nc3 Ra8 16. Nf3 Ra1+ 17. Ke2 Qc4+ 18. d3 Qc5 19. Qb2 Ng4 20. d4 Qc4+
21. Kd2 Rxf1 0-1

[Event "XVIII. DBMM Schach"]
[Site "Altenberg OT Zinnwald"]
[Date "2018.11.08"]
[Round "1.1"]
[White "Schmidt, Gerhard"]
[Black "Hohlfeld, Wolfgang"]
[Result "1/2-1/2"]
[WhiteElo "2040"]
[BlackElo "2056"]
[Annotator "br"]
[PlyCount "29"]
[EventDate "2018.11.??"]
[EventType "team-swiss"]
[EventRounds "7"]
[EventCountry "GER"]
[SourceTitle "XVIII. DBMM 2018"]
[Source "FV Schach e.V."]
[SourceDate "2018.11.12"]
[SourceVersion "1"]
[SourceVersionDate "2018.11.12"]
[SourceQuality "1"]
[WhiteTeam "Europark Altenberg/SV St.2"]
[BlackTeam "Baubehoerde Hamburg"]
[WhiteTeamCountry "GER"]
[BlackTeamCountry "GER"]

1. e4 c5 2. c3 d5 3. exd5 Qxd5 4. d4 Nf6 5. Nf3 Bg4 6. Be2 e6 7. O-O Nc6 8. Be3
cxd4 9. cxd4 Be7 10. h3 Bh5 11. Nc3 Qd6 12. Qb3 O-O 13. Rfd1 Rfd8 14. Rac1 Qb4
15. Qxb4 1/2-1/2

[Event "XVIII. DBMM Schach"]
[Site "Altenberg OT Zinnwald"]
[Date "2018.11.08"]
[Round "1.2"]
[White "Hein, Ralf"]
[Black "Lau, Peter"]
[Result "1-0"]
[WhiteElo "2053"]
[BlackElo "1770"]
[Annotator "br"]
[PlyCount "84"]
[EventDate "2018.11.??"]
[EventType "team-swiss"]
[EventRounds "7"]
[EventCountry "GER"]
[SourceTitle "XVIII. DBMM 2018"]
[Source "FV Schach e.V."]
[SourceDate "2018.11.12"]
[SourceVersion "1"]
[SourceVersionDate "2018.11.12"]
[SourceQuality "1"]
[WhiteTeam "Baubehoerde Hamburg"]
[BlackTeam "Europark Altenberg/SV St.2"]
[WhiteTeamCountry "GER"]
[BlackTeamCountry "GER"]

1. d4 f5 2. Nf3 Nf6 3. c4 g6 4. e3 Bg7 5. Be2 d6 6. O-O O-O 7. Nc3 Nc6 8. d5
Ne5 9. Nd4 c5 10. Nf3 Nf7 11. Bd3 Ng4 12. e4 Nfe5 13. Nxe5 Nxe5 14. Be2 fxe4
15. Nxe4 Bf5 16. Ng3 Bd7 17. f4 Nf7 18. Bd3 Nh6 19. Qc2 Nf5 20. Nxf5 Bxf5 21.
Bxf5 Rxf5 22. Be3 Qd7 23. Rae1 Raf8 24. Re2 R5f7 25. Rfe1 a6 26. Bc1 b5 27. b3
Re8 28. Re6 Bd4+ 29. Kh1 Rf6 30. Qe4 bxc4 31. bxc4 Rxe6 32. dxe6 Qd8 33. f5
gxf5 34. Qxf5 Rf8 35. Qg4+ Kh8 36. Bh6 Rg8 37. Qf3 Qa8 38. Qxa8 Rxa8 39. Bg5
Re8 40. Rf1 Kg8 41. g3 Rf8 42. Rb1 Kg7 1-0

[Event "XVIII. DBMM Schach"]
[Site "Altenberg OT Zinnwald"]
[Date "2018.11.08"]
[Round "1.3"]
[White "Wirth, Volker"]
[Black "Kaliski, Achim"]
[Result "0-1"]
[WhiteElo "1753"]
[BlackElo "1993"]
[Annotator "br"]
[PlyCount "79"]
[EventDate "2018.11.??"]
[EventType "team-swiss"]
[EventRounds "7"]
[EventCountry "GER"]
[SourceTitle "XVIII. DBMM 2018"]
[Source "FV Schach e.V."]
[SourceDate "2018.11.12"]
[SourceVersion "1"]
[SourceVersionDate "2018.11.12"]
[SourceQuality "1"]
[WhiteTeam "Europark Altenberg/SV St.2"]
[BlackTeam "Baubehoerde Hamburg"]
[WhiteTeamCountry "GER"]
[BlackTeamCountry "GER"]

1. d4 f5 2. c4 g6 3. Nf3 Nf6 4. Nc3 Bg7 5. Bg5 d6 6. Bxf6 Bxf6 7. e4 Nc6 8. Be2
e5 9. dxe5 Nxe5 10. O-O c6 11. Qb3 Qb6 12. Rad1 Qxb3 13. axb3 Nf7 14. Bd3 f4
15. h3 O-O 16. Bc2 Ne5 17. Nxe5 Bxe5 18. f3 a6 19. Rd3 b5 20. Rfd1 Be6 21. cxb5
axb5 22. b4 Kf7 23. Kf2 Ke7 24. Rb1 Bc4 25. Rd2 Ra6 26. Bd3 Bb3 27. Bc2 Be6 28.
Bd3 Rfa8 29. Ke1 Ra1 30. Rdd1 Rxb1 31. Rxb1 Bxc3+ 32. bxc3 Ra2 33. Kf1 Rd2 34.
Be2 Rc2 35. Ra1 Rxc3 36. Ra7+ Bd7 37. Ra8 Rb3 38. Rh8 h5 39. Rh7+ Ke6 40. Rxd7
0-1

[Event "XVIII. DBMM Schach"]
[Site "Altenberg OT Zinnwald"]
[Date "2018.11.08"]
[Round "1.4"]
[White "Buchholz, Robert"]
[Black "Bussler, Juergen"]
[Result "1/2-1/2"]
[WhiteElo "1967"]
[BlackElo "1909"]
[Annotator "br"]
[PlyCount "120"]
[EventDate "2018.11.??"]
[EventType "team-swiss"]
[EventRounds "7"]
[EventCountry "GER"]
[SourceTitle "XVIII. DBMM 2018"]
[Source "FV Schach e.V."]
[SourceDate "2018.11.12"]
[SourceVersion "1"]
[SourceVersionDate "2018.11.12"]
[SourceQuality "1"]
[WhiteTeam "Baubehoerde Hamburg"]
[BlackTeam "Europark Altenberg/SV St.2"]
[WhiteTeamCountry "GER"]
[BlackTeamCountry "GER"]

1. d4 Nf6 2. c4 e6 3. Nf3 d5 4. Nc3 c6 5. Bg5 Be7 6. e3 Nbd7 7. Rc1 O-O 8. Qc2
Re8 9. Bd3 dxc4 10. Bxc4 Qc7 11. O-O h6 12. Bh4 Nd5 13. Nxd5 cxd5 14. Bxe7 dxc4
15. Bh4 b5 16. b3 Nb6 17. Bg3 Qe7 18. Ne5 f6 19. Ng6 Qf7 20. Bd6 Bb7 21. Bc5
cxb3 22. axb3 Nd7 23. Nf4 Rac8 24. Qe2 a6 25. Bb4 Nb6 26. Bc5 Nd5 27. Nd3 Qg6
28. f3 Qg5 29. e4 Nf4 30. Nxf4 Qxf4 31. g3 Qg5 32. Kg2 Qg6 33. Rfd1 Qf7 34. Qa2
Kh7 35. b4 Red8 36. Rd2 Rd7 37. Rcd1 Rcd8 38. Qb3 Kg8 39. Qc3 Qg6 40. Qe3 Qf7
41. h4 Re8 42. Qf4 Red8 43. Qe3 Rc8 44. Qb3 Rcd8 45. Rc1 Rc8 46. Rdc2 Rdc7 47.
Bd6 Rxc2+ 48. Rxc2 Rxc2+ 49. Qxc2 Qd7 50. Qc5 Qc6 51. h5 Qxc5 52. dxc5 Bc6 53.
g4 Kf7 54. Kf2 g6 55. Ke3 gxh5 56. gxh5 Be8 57. Kd4 Bc6 58. f4 Bb7 59. e5 f5
60. Ke3 Bc6 1/2-1/2

[Event "XVIII. DBMM Schach"]
[Site "Altenberg OT Zinnwald"]
[Date "2018.11.08"]
[Round "1.1"]
[White "Blum, Norbert"]
[Black "Schroeder, Kai Uwe"]
[Result "1/2-1/2"]
[WhiteElo "1956"]
[BlackElo "1873"]
[Annotator "br"]
[PlyCount "30"]
[EventDate "2018.11.??"]
[EventType "team-swiss"]
[EventRounds "7"]
[EventCountry "GER"]
[SourceTitle "XVIII. DBMM 2018"]
[Source "FV Schach e.V."]
[SourceDate "2018.11.12"]
[SourceVersion "1"]
[SourceVersionDate "2018.11.12"]
[SourceQuality "1"]
[WhiteTeam "Sparkassen-Vers. Stuttgart"]
[BlackTeam "Baubehoerde Hamburg II"]
[WhiteTeamCountry "GER"]
[BlackTeamCountry "GER"]

1. e4 e6 2. d4 d5 3. Nc3 dxe4 4. Nxe4 Bd7 5. Nf3 Bc6 6. Bd3 Nd7 7. c3 Ngf6 8.
Qc2 Bxe4 9. Bxe4 Nxe4 10. Qxe4 c6 11. O-O Be7 12. Bf4 O-O 13. Ne5 Nxe5 14. Bxe5
Bd6 15. Rae1 Bxe5 1/2-1/2

[Event "XVIII. DBMM Schach"]
[Site "Altenberg OT Zinnwald"]
[Date "2018.11.08"]
[Round "1.2"]
[White "Hartmann, Jens"]
[Black "Bischoff, Ulrich"]
[Result "1/2-1/2"]
[WhiteElo "1839"]
[BlackElo "2050"]
[Annotator "br"]
[PlyCount "62"]
[EventDate "2018.11.??"]
[EventType "team-swiss"]
[EventRounds "7"]
[EventCountry "GER"]
[SourceTitle "XVIII. DBMM 2018"]
[Source "FV Schach e.V."]
[SourceDate "2018.11.12"]
[SourceVersion "1"]
[SourceVersionDate "2018.11.12"]
[SourceQuality "1"]
[WhiteTeam "Baubehoerde Hamburg II"]
[BlackTeam "Sparkassen-Vers. Stuttgart"]
[WhiteTeamCountry "GER"]
[BlackTeamCountry "GER"]

1. e4 Nf6 2. e5 Nd5 3. Nf3 d6 4. d4 g6 5. Bc4 Nb6 6. Bb3 Bg7 7. h3 O-O 8. O-O
Nc6 9. Bf4 Na5 10. Nc3 a6 11. Re1 h6 12. Qe2 Nxb3 13. axb3 Be6 14. Rad1 Nd5 15.
Nxd5 Bxd5 16. c4 Bxf3 17. Qxf3 Rb8 18. Qe3 Kh7 19. exd6 exd6 20. Qd3 Qf6 21.
Be3 Rfe8 22. Re2 Re7 23. Rde1 Rbe8 24. b4 Qh4 25. Kf1 Re4 26. f3 R4e7 27. Bf2
Qf6 28. Rxe7 Rxe7 29. Rxe7 Qxe7 30. Qe4 Qxe4 31. fxe4 Kg8 1/2-1/2

[Event "XVIII. DBMM Schach"]
[Site "Altenberg OT Zinnwald"]
[Date "2018.11.08"]
[Round "1.3"]
[White "Marten, Gero"]
[Black "Raum, Norbert"]
[Result "1-0"]
[WhiteElo "2008"]
[BlackElo "1842"]
[Annotator "br"]
[PlyCount "97"]
[EventDate "2018.11.??"]
[EventType "team-swiss"]
[EventRounds "7"]
[EventCountry "GER"]
[SourceTitle "XVIII. DBMM 2018"]
[Source "FV Schach e.V."]
[SourceDate "2018.11.12"]
[SourceVersion "1"]
[SourceVersionDate "2018.11.12"]
[SourceQuality "1"]
[WhiteTeam "Sparkassen-Vers. Stuttgart"]
[BlackTeam "Baubehoerde Hamburg II"]
[WhiteTeamCountry "GER"]
[BlackTeamCountry "GER"]

1. Nf3 Nf6 2. g3 d5 3. Bg2 c6 4. O-O Bf5 5. d3 e6 6. Nbd2 Nbd7 7. b3 Bd6 8. Bb2
h6 9. Re1 e5 10. e4 dxe4 11. dxe4 Bg4 12. Nc4 Bb4 13. c3 Bxf3 14. Qxf3 Be7 15.
Rad1 O-O 16. Bc1 Qc7 17. Ne3 Kh7 18. Nf5 Ng8 19. Qg4 Bf6 20. Nxg7 Bxg7 21. Rxd7
Qc8 22. Qf5+ Kh8 23. Rxf7 Qxf5 24. Rxf5 Rxf5 25. exf5 Ne7 26. Be4 Rd8 27. Be3
Nd5 28. Rd1 Bf6 29. Bxd5 cxd5 30. Bxh6 e4 31. Be3 Bxc3 32. Bd4+ Bxd4 33. Rxd4
Kg7 34. g4 Kf6 35. Kg2 Ke5 36. Rd2 d4 37. Kg3 Rc8 38. g5 d3 39. f6 Kf5 40. h4
Rc7 41. f3 Rh7 42. fxe4+ Kxe4 43. Kg4 Ke3 44. Rd1 Ke2 45. Rh1 d2 46. g6 Rc7 47.
f7 Rc8 48. Rh2+ Ke3 49. Rxd2 1-0

[Event "XVIII. DBMM Schach"]
[Site "Altenberg OT Zinnwald"]
[Date "2018.11.08"]
[Round "1.4"]
[White "Hoffeins, Hans Werner"]
[Black "Seifert, Martin"]
[Result "1/2-1/2"]
[WhiteElo "1542"]
[BlackElo "1995"]
[Annotator "br"]
[PlyCount "96"]
[EventDate "2018.11.??"]
[EventType "team-swiss"]
[EventRounds "7"]
[EventCountry "GER"]
[SourceTitle "XVIII. DBMM 2018"]
[Source "FV Schach e.V."]
[SourceDate "2018.11.12"]
[SourceVersion "1"]
[SourceVersionDate "2018.11.12"]
[SourceQuality "1"]
[WhiteTeam "Baubehoerde Hamburg II"]
[BlackTeam "Sparkassen-Vers. Stuttgart"]
[WhiteTeamCountry "GER"]
[BlackTeamCountry "GER"]

1. Nf3 Nf6 2. g3 g6 3. Bg2 Bg7 4. O-O O-O 5. d3 d6 6. e4 c5 7. Nbd2 Nbd7 8. c3
Ne5 9. Nxe5 dxe5 10. Qc2 Be6 11. Nf3 Qc7 12. Ng5 Bd7 13. Rd1 Rad8 14. h3 Qc8
15. Kh2 Bc6 16. b3 Nh5 17. Bb2 f6 18. Nf3 f5 19. Qe2 b6 20. a4 Rd6 21. c4 fxe4
22. dxe4 Rdf6 23. Rf1 Re6 24. Ng5 Rd6 25. Nf3 Re6 26. h4 Bd7 27. Rad1 Rd6 28.
Nxe5 Rxd1 29. Rxd1 Be6 30. Nd3 Bg4 31. f3 Be6 32. Bxg7 Nxg7 33. Nf4 Bf7 34. Nd5
Qb7 35. Bh3 Ne6 36. Qe3 Nd4 37. Rd3 Bxd5 38. exd5 Rxf3 39. Be6+ Kg7 40. Qe5+
Rf6 41. g4 Kf8 42. Kg3 Nxe6 43. dxe6 Qh1 44. Rd8+ Kg7 45. Qe3 Rf1 46. Qc3+ Rf6
47. Qe3 Rf1 48. Qe5+ Rf6 1/2-1/2

[Event "XVIII. DBMM Schach"]
[Site "Altenberg OT Zinnwald"]
[Date "2018.11.08"]
[Round "1.1"]
[White "Kraemer, Sigfried"]
[Black "Jordan, Dirk"]
[Result "1/2-1/2"]
[WhiteElo "2146"]
[BlackElo "2188"]
[Annotator "br"]
[PlyCount "33"]
[EventDate "2018.11.??"]
[EventType "team-swiss"]
[EventRounds "7"]
[EventCountry "GER"]
[SourceTitle "XVIII. DBMM 2018"]
[Source "FV Schach e.V."]
[SourceDate "2018.11.12"]
[SourceVersion "1"]
[SourceVersionDate "2018.11.12"]
[SourceQuality "1"]
[WhiteTeam "SG Stern Stuttgart"]
[BlackTeam "Dresdner Schachfestival"]
[WhiteTeamCountry "GER"]
[BlackTeamCountry "GER"]

1. d4 d5 2. c4 c6 3. Nf3 Nf6 4. e3 a6 5. Nc3 Bf5 6. cxd5 cxd5 7. Bd3 Bxd3 8.
Qxd3 e6 9. Ne5 Be7 10. O-O O-O 11. Bd2 Nbd7 12. Nxd7 Qxd7 13. Rac1 b5 14. a3
Rac8 15. Rc2 Rc7 16. Rfc1 Rfc8 17. Na2 1/2-1/2

[Event "XVIII. DBMM Schach"]
[Site "Altenberg OT Zinnwald"]
[Date "2018.11.08"]
[Round "1.2"]
[White "Poenisch, Egmont"]
[Black "Bangert, Udo"]
[Result "1/2-1/2"]
[WhiteElo "2145"]
[BlackElo "1893"]
[Annotator "br"]
[PlyCount "31"]
[EventDate "2018.11.??"]
[EventType "team-swiss"]
[EventRounds "7"]
[EventCountry "GER"]
[SourceTitle "XVIII. DBMM 2018"]
[Source "FV Schach e.V."]
[SourceDate "2018.11.12"]
[SourceVersion "1"]
[SourceVersionDate "2018.11.12"]
[SourceQuality "1"]
[WhiteTeam "Dresdner Schachfestival"]
[BlackTeam "SG Stern Stuttgart"]
[WhiteTeamCountry "GER"]
[BlackTeamCountry "GER"]

1. g3 d5 2. Bg2 Nf6 3. Nf3 g6 4. O-O Bg7 5. d3 O-O 6. c3 c5 7. Na3 Nc6 8. Nc2
b6 9. Bd2 Bb7 10. Qc1 Re8 11. Bg5 Rc8 12. Bh3 Rc7 13. Re1 Qd6 14. Qd2 e5 15.
Rad1 a6 16. Qc1 1/2-1/2

[Event "XVIII. DBMM Schach"]
[Site "Altenberg OT Zinnwald"]
[Date "2018.11.08"]
[Round "1.3"]
[White "Molzan, Andreas"]
[Black "Sebastian, Martin"]
[Result "1/2-1/2"]
[WhiteElo "1256"]
[BlackElo "1957"]
[Annotator "br"]
[PlyCount "33"]
[EventDate "2018.11.??"]
[EventType "team-swiss"]
[EventRounds "7"]
[EventCountry "GER"]
[SourceTitle "XVIII. DBMM 2018"]
[Source "FV Schach e.V."]
[SourceDate "2018.11.12"]
[SourceVersion "1"]
[SourceVersionDate "2018.11.12"]
[SourceQuality "1"]
[WhiteTeam "SG Stern Stuttgart"]
[BlackTeam "Dresdner Schachfestival"]
[WhiteTeamCountry "GER"]
[BlackTeamCountry "GER"]

1. e4 c5 2. Nf3 Nc6 3. d4 cxd4 4. Nxd4 g6 5. Nc3 Bg7 6. Nxc6 bxc6 7. Bc4 Qc7 8.
Qf3 e6 9. h4 h5 10. Bd2 d5 11. exd5 cxd5 12. Bb3 Qe5+ 13. Kd1 Ne7 14. Re1 Qf5
15. Qe2 O-O 16. f3 Qf6 17. Bg5 1/2-1/2